| 000 | 00543nam a2200205Ia 4500 | ||
|---|---|---|---|
| 008 | 181130s2018 xx 000 0 und d | ||
| 100 | _aManjunatha,, A.V. | ||
| 245 |
_aFarmers suicides: _ban all India study |
||
| 260 | _c2018 | ||
| 300 | _ap.38-46. | ||
| 504 | _dFeb | ||
| 650 | _aAgriculture | ||
| 650 | _aAgriculture - Research | ||
| 650 | _aFarmers - India | ||
| 650 | _aFarmers suicides - India | ||
| 650 | _aSuicides - India | ||
| 700 | _aRamappa, K.B. | ||
| 773 | _aAgricultural Situation in India | ||
| 906 | _aAgriculture | ||
| 999 |
_c506334 _d506334 |
||